| 000 | 00636nam a22002057a 4500 | ||
|---|---|---|---|
| 999 |
_c18464 _d18464 |
||
| 003 | AR-CdUCM | ||
| 008 | 190514b ||||| |||| 00| 0 spa d | ||
| 040 |
_aMUNICIPALIDAD PROVINCIAL DEL CUSCO _cBIBLIOTECA MUNICIPAL DEL CUSCO |
||
| 082 |
_a891.03 / _bP31 / 1932 |
||
| 100 |
_aPavlenko, Piotr _939070 |
||
| 245 | _aLa ciudad en la taiga / | ||
| 260 |
_aMontevideo : _bBiblioteca social internacional, _c1932. |
||
| 300 |
_a224 paginas ; _c19 cm. |
||
| 500 | _aLiteratura e historia | ||
| 650 |
_aLiteratura _983 |
||
| 650 |
_aHistoria _9136 |
||
| 700 |
_aAcevedo, Eduardo _939071 |
||
| 942 |
_2ddc _cLIBROS |
||
| 945 |
_apjha _d2019-05-14 |
||